[Event "Warsaw Najdorf Memorial op-A 09th"]
[Site "Warsaw"]
[Date "2011.07.17"]
[Round "4"]
[White "Cubala, Piotr"]
[Black "Spicak, Krzysztof"]
[Result "1-0"]
[WhiteElo "2096"]
[BlackElo "2054"]
[PlyCount "101"]
[EventDate "2011.07.13"]
[EventType "swiss"]
[EventRounds "9"]
[EventCountry "POL"]
[SourceTitle "CBM 143 Extra"]
[Source "ChessBase"]
[SourceDate "2011.08.29"]
[SourceVersion "1"]
[SourceVersionDate "2011.08.29"]
[SourceQuality "1"]

1. d4 Nf6 2. Nf3 g6 3. c4 Bg7 4. Nc3 0-0 5. e4 d6 6. Be2 c5 7. dxc5 dxc5 8. 0-0 Nc6 9. Be3 Qxd1 10. Raxd1 b6 11. h3 h6 12. Rd2 Be6 13. Rfd1 Rfd8 14. Rxd8+ Rxd8 15. Rxd8+ Nxd8 16. Nd2 g5 17. Nd5 Kf8 18. b3 Nc6 19. a3 Ne8 20. Kf1 Bb2 21. a4 Bc8 22. f4 e6 23. fxg5 hxg5 24. Bxg5 exd5 25. cxd5 Nd4 26. Nc4 Bc3 27. Bd1 Ba6 28. e5 Nxb3 29. Bh6+ Kg8 30. Bxb3 Bxc4+ 31. Bxc4 Bxe5 32. Ke2 Nd6 33. Bd3 c4 34. Bc2 a6 35. Be3 b5 36. axb5 axb5 37. Bc5 Nb7 38. Bb4 Bd6 39. Bxd6 Nxd6 40. Ke3 b4 41. Kd4 b3 42. Bd1 b2 43. Bc2 Nb5+ 44. Kxc4 Na3+ 45. Kd3 Kf8 46. h4 b1Q 47. Bxb1 Nxb1 48. h5 Na3 49. d6 Nb5 50. d7 Ke7 51. h6 1-0